Trees we should know : with 235 original photographic studies /

Bibliographic Details
Main Author: Galbraith, Alexander W., 1867-
Other Authors: Richardson, Arthur Herbert
Format: Book
Language:English
Published: Toronto, Can : The Alexander W. Galbraith company, limited, [1946]
Subjects:

MARC

Tag First Indicator Second Indicator Subfields
LEADER 00000cam a2200000 4500
001 in00000042391
005 20151007072706.0
008 800606s1946 onca 00010 eng
010 |a  47018189  
035 |a (OCoLC)06395658 
035 |9 AAE8379AM 
040 |a DLC  |c TXA  |d UtOrBLW 
049 |a TXAM  |c [148455] 
050 0 |a QK486.C2  |b G3 
082 0 |a 582.16 
092 |a 582.16  |b G148t 
100 1 |a Galbraith, Alexander W.,  |d 1867- 
245 1 0 |a Trees we should know :  |b with 235 original photographic studies /  |c by Alexander W. Galbraith, descriptions by A. H. Richardson ... 
264 1 |a Toronto, Can :  |b The Alexander W. Galbraith company, limited,  |c [1946] 
300 |a xi, 240 pages, 4 unnumbered pages including frontispiece, illustrations ;  |c 16 x 12 cm. 
336 |a text  |b txt  |2 rdacontent 
337 |a unmediated  |b n  |2 rdamedia 
338 |a volume  |b nc  |2 rdacarrier 
500 |a "1st edition." 
650 0 |a Trees  |z Canada. 
700 1 |a Richardson, Arthur Herbert. 
999 |a MARS 
999 f f |s 236873ac-ecb8-3cad-86a6-75e756af068b  |i b8f2dd0e-3c01-3dae-9b36-d249c92de4e5  |t 0 
952 f f |p ric  |a Texas A&M University  |b Rellis Campus  |c Joint Library Facility  |d Remote Storage  |t 0  |e QK486.C2 G3  |h Library of Congress classification  |i unmediated -- volume  |m A14800995252 
998 f f |a QK486.C2 G3  |t 0  |l Remote Storage